City to continent #3 - Statistics

General Stats
  • This quiz has been taken 15 times
  • The average score is 6 of 15
Answer Stats
City Continent % Correct
Quebec North America
93%
Veracruz North America
71%
Porto Novo Africa
64%
Manaus South America
50%
Okha Asia
43%
Laayoune Africa
36%
Sfax Africa
36%
Port vila Oceania
36%
Moroni Africa
29%
Bassorah Asia
29%
Iqaluit North America
29%
Hobart Oceania
29%
Choybalsan Asia
21%
Ribe Europe
14%
Sao Felix South America
14%
No matching quizzes found
Score Distribution
Percent of People with Each Score
Percentile by Number Answered
Your Score History
You have not taken this quiz